Statistiques concernant Pokémon- Spécialistes du Type Normal

Cliquez ici pour prendre le quiz!

Statistiques générales

  • Ce quiz a été pris 21 fois
    (8 depuis la dernière actualisation)
  • Le résultat moyen est 42 sur 57

Statistiques - réponses

NombrePokémon% Correct
1Brouhabam
100%
1Castorno
100%
1Écrémeuh
100%
2Étouraptor
100%
2Frison
100%
1Girafarig
100%
2Grodoudou
100%
1Hélédelle
100%
2Kangourex
100%
2Kecleon
100%
4Leuphorie
100%
1Leveinard
100%
4Linéon
100%
2Mélodelfe
100%
1Mélofée
100%
3Monaflèmit
100%
2Morphéo
100%
1Nanméouïe
100%
1Parecool
100%
14Queulorior
100%
3Rondoudou
100%
2Ronflex
100%
2Spinda
100%
3Tauros
100%
2Vigoroth
100%
1Zigzaton
100%
2Argouste
67%
3Delcatty
67%
1Deusolourdo
67%
1Excavarenne
67%
1Flamenroule
67%
2Haydaim
67%
2Insolourdo
67%
1Manglouton
67%
4Mangriff
67%
2Mastouffe
67%
4Miradar
67%
5Pashmilla
67%
1Poichigeon
67%
2Ponchien
67%
6Ponchiot
67%
1Porygon Z
67%
4Ratentif
67%
2Ursaring
67%
1Altaria
33%
4Capidextre
33%
3Coudlangue
33%
2Dodoala
33%
1Famignol
33%
3Fouinette
33%
1Fragroin
33%
2Gueriaigle
33%
2Lockpin
33%
2Miaouss
33%
1Moumouflon
33%
3Rongrigou
33%
1Snubbull
33%

Distribution des résultats

Percentile par nombre de réponses

% des personnes avec chaque résultat

Votre développement - résultats

Vous n’avez pas pris ce quiz depuis la dernière actualisation